| 000 | 01256nam a2200277 a 4500 | ||
|---|---|---|---|
| 008 | 120416s1997 ||||||||||||||||| || u | ||
| 020 | _a0521571421 | ||
| 050 | _aQK 394 Veg | ||
| 100 | _aCowling, Richard M | ||
| 245 | 1 | 0 |
_aVegetation of Southern Africa _cedited by R. M. Cowling |
| 260 |
_aCambridge _bCambridge University Press _c1997 |
||
| 300 | _axxxiv, 615p. : ill. | ||
| 350 | _a0.00 | ||
| 500 | _aBibliography | ||
| 650 | _aPhytogeography - Africa, Southern | ||
| 650 | _aPLANTS | ||
| 650 | _aPlant communities--Africa, Southern | ||
| 650 | _aPLANT ECOLOGY--AFRICA, SOUTHERN | ||
| 700 | _aRichardson, David M | ||
| 700 | _aPierce, Shirley M | ||
| 856 | _uhttp://www.loc.gov/catdir/description/cam027/96013572.html | ||
| 856 | _uhttp://www.loc.gov/catdir/toc/cam026/96013572.html | ||
| 995 |
_D0.00 _FCBU-MAIN LIBRARY (Kitwe) _H3 _I38.95 _M3 _UDAMAGED _ZMain Library Open Access Collection |
||
| 995 |
_D0.00 _FCBU-MAIN LIBRARY (Kitwe) _H2 _I38.95 _M2 _UDAMAGED _ZMain Library Open Access Collection |
||
| 995 |
_D0.00 _FCBU-MAIN LIBRARY (Kitwe) _H1 _I38.95 _M1 _UDAMAGED _ZMain Library Open Access Collection |
||
| 999 |
_c78337 _d78337 |
||